MARC details
| 000 -CABECERA |
| campo de control de longitud fija |
00870nam a2200241 a 4500 |
| 005 - FECHA Y HORA DE LA ÚLTIMA TRANSACCIÓN |
| campo de control |
20251023063914.0 |
| 008 - ELEMENTOS DE LONGITUD FIJA--INFORMACIÓN GENERAL |
| campo de control de longitud fija |
010618s1998 r 000 0 eng d |
| 020 ## - NÚMERO INTERNACIONAL NORMALIZADO PARA LIBROS |
| Número Internacional Estándar del Libro |
8478692924 |
| 035 ## - NÚMERO DE CONTROL DEL SISTEMA |
| Número de control de sistema |
UPN01000108564 |
| 049 ## - COLECCIÓN |
| Colección |
CG |
| 050 #4 - SIGNATURA TOPOGRÁFICA DE LA BIBLIOTECA DEL CONGRESO |
| Número de clasificación |
LB1029 P7 |
| Número de documento/Ítem |
P4.2 |
| 245 00 - MENCIÓN DE TÍTULO |
| Título |
PEC : |
| Resto del título |
proyecto educativo de Centro : educacion infantil y primaria / |
| Mención de responsabilidad, etc. |
coord. José Luis Galve Manzano, José Antonio Camacno Espinosa. |
| 260 ## - PUBLICACIÓN, DISTRIBUCIÓN, ETC. |
| Lugar de publicación, distribución, etc. |
Madrid, |
| Nombre del editor, distribuidor, etc. |
CEPE : |
| Lugar de publicación, distribución, etc. |
IDEAS, |
| Fecha de publicación, distribución, etc. |
1998. |
| 300 ## - DESCRIPCIÓN FÍSICA |
| Extensión |
301 p. + |
| Material acompañante/anejo |
1 disquete; 3 1/2 plg. |
| 440 #0 - MENCIÓN DE SERIE/ASIENTO SECUNDARIO--TÍTULO |
| Título |
propuestas curticulares ; |
| Designación de volumen o secuencia |
3 |
| 500 ## - NOTA GENERAL |
| Nota general |
"De la teoria a la práctica" |
| 650 #4 - ASIENTO SECUNDARIO DE MATERIA - TERMINO TEMATICO |
| Término de materia o nombre geográfico como elemento de entrada |
Método de proyectos en la enseñanza |
| 9 (RLIN) |
4050 |
| 650 #4 - ASIENTO SECUNDARIO DE MATERIA - TERMINO TEMATICO |
| Término de materia o nombre geográfico como elemento de entrada |
Administración educativa |
| 9 (RLIN) |
498 |
| 650 #4 - ASIENTO SECUNDARIO DE MATERIA - TERMINO TEMATICO |
| Término de materia o nombre geográfico como elemento de entrada |
Educación |
| Subdivisión geográfica |
España |
| 9 (RLIN) |
6843 |
| 700 1# - ASIENTO SECUNDARIO--NOMBRE DE PERSONAL |
| Nombre de persona |
Galve Manzano, José Luis |
| Término indicativo de función/relación |
coord. |
| 9 (RLIN) |
28876 |
| 700 1# - ASIENTO SECUNDARIO--NOMBRE DE PERSONAL |
| Nombre de persona |
Camacho Espinosa, José Antonio, |
| Término indicativo de función/relación |
coord. |
| 905 ## - TIPO DE MATERIAL |
| Tipo de material |
Libro |